Online
Catalog

Condenados de contado / (Record no. 44067)

MARC details
000 -CABECERA
campo de control de longitud fija 00537nam a2200181 a 4500
001 - NÚMERO DE CONTROL
campo de control 000044578
005 - FECHA Y HORA DE LA ÚLTIMA TRANSACCIÓN
campo de control 20201002045456.0
008 - DATOS DE LONGITUD FIJA--INFORMACIÓN GENERAL
campo de control de longitud fija 140717s1968 cu 000 0 spa d
040 ## - FUENTE DE LA CATALOGACIÓN
Centro catalogador/agencia de origen DO-SdBNP
Lengua de catalogación spa
Centro/agencia transcriptor BNPHU
082 ## - NÚMERO DE LA CLASIFICACIÓN DECIMAL DEWEY
Número de clasificación xxxx
Número de documento/Ítem xxxx
100 1# - ENTRADA PRINCIPAL--NOMBRE DE PERSONA
Nombre de persona Fuentes, Norberto,
Fechas asociadas al nombre 1943-
9 (RLIN) 72603
245 10 - MENCIÓN DE TÍTULO
Título Condenados de contado /
Mención de responsabilidad, etc. Norberto Fuentes.
260 ## - PUBLICACIÓN, DISTRIBUCIÓN, ETC.
Lugar de publicación, distribución, etc. La Habana, Cuba :
Nombre del editor, distribuidor, etc. Casa de las Americas,
Fecha de publicación, distribución, etc. 1968.
300 ## - DESCRIPCIÓN FÍSICA
Extensión 170 P. ;
Dimensiones 18 cm.
490 1# - MENCIÓN DE SERIE
Mención de serie Premio
586 ## - NOTA DE PREMIOS
Nota de premios Premio Cuento Casa de las Americas, 1986
830 #0 - PUNTO DE ACCESO ADICIONAL DE SERIE-TÍTULO UNIFORME
Título uniforme Premio
9 (RLIN) 8618
Holdings
Estado de retiro Estado de pérdida Restricciones de uso No para préstamo Código de colección Localización permanente Ubicación/localización actual Ubicación en estantería Fecha de adquisición Número de inventario Total de préstamos Signatura topográfica completa Código de barras Fecha visto por última vez Precio válido a partir de Tipo de ítem Koha
      Excluido de préstamo Monografías: Libros y Folletos General General En catalogación 17.07.2014 LF1   xxxx xxxx 44578-10 25.06.2020 25.06.2020 No se presta

Powered by Koha